By the Numbers #4 - Statistics

General Stats
  • This quiz has been taken 143 times
  • The average score is 10 of 20
Answer Stats
Hint Answer % Correct
The loneliest number, according to the 1968 Harry Nilsson song that was covered the same year by Three Dog Night 1
82%
The total you want to avoid exceeding in a game of blackjack 21
78%
Number of cities Charles Dickens wrote a tale of 2
77%
Number of squares on a chessboard 64
77%
Number of things I hate about you in the title of the 1999 film 10
67%
The greatest whole number that can be expressed by arranging the given numbers {54, 546, 548, 60} without performing any mathematical operations 6,054,854,654
66%
Number of Gorgon sisters in Greek mythology 3
63%
Number of leagues under the sea in the title of Jules Verne’s 1870 novel 20,000
56%
Regnal number of the last King Louis of France who actually reigned 16
53%
Number of brides (and brothers) in the title of the 1954 musical film 7
53%
Number of points the “J” tile is worth at face value in Scrabble 8
49%
Number of dresses in the title of the 2008 film starring Katherine Heigl 27
44%
Maximum number of rows in a Microsoft Excel spreadsheet (in native format) 1,048,576
41%
Number of steps in the title of the classic 1935 thriller 39
39%
Number of Muses in Greek mythology 9
38%
Number of green houses packaged with a Monopoly game 32
33%
Number of hours in the song by Dan + Shay and Justin Bieber 10,000
32%
Number of suited tiles used in a game of mahjong 108
32%
Highest regnal number ever used by a Pope (e.g., Pope John Paul II’s regnal number is II (2)) 23
26%
Number of Uno cards of each color 19
11%
No matching quizzes found
Score Distribution
Percent of People with Each Score
Percentile by Number Answered
Your Score History
You have not taken this quiz